000 00349pam a2200157a 44500
008 230515b1964 xxu||||| |||| 00| 0 eng d
020 _aNULL
041 _aENGLISH
082 _aN.D.
100 _aDimensions For Is
245 _aIndian Standard Star Grip
250 _a0
260 _aNULL
_bIndian Std.
_c1964
300 _a8
650 _aNULL
999 _c574383
_d574383